Analýza možností implementácie BIM v stavebnej spoločnosti

Na minha lista:
Detalhes bibliográficos
Autor principal: Mayer, Pavol (Author)
Outros Autores: Makýš, Peter (Thesis advisor)
Formato: Manuscrito Livro
Idioma:eslovaco
Publicado em: 2021
Assuntos:
Acesso em linha:http://is.stuba.sk/zp/portal_zp.pl?podrobnosti=145695
Tags: Adicionar Tag
Sem tags, seja o primeiro a adicionar uma tag!

MARC

LEADER 00000ntm a22000003a 4500
001 stuzp66144
003 SK-STU
005 20210904210356.0
007 ta
008 150427s2015----xo-----f-mn---000-0-slo-d
040 |a STU  |b slo 
041 0 |a slo 
100 1 |a Mayer, Pavol  |u 010270  |4 aut  |U SvF Stavebná fakulta  |T SvF Katedra technológie stavieb  |X 55151  |U V270  |Y 28  |7 55151 
242 0 1 |a Analysis of options of BIM (Building Information Modeling) implementation in construction company  |y eng 
245 1 0 |a Analýza možností implementácie BIM v stavebnej spoločnosti 
260 |c 2021 
650 4 |a BIM  |2 slo 
650 4 |a Informačné modelovanie stavieb  |2 slo 
650 4 |a riziká  |2 slo 
650 4 |a bezpečnosť  |2 slo 
650 4 |a zdravie  |2 slo 
650 4 |a automatizácia  |2 slo 
650 4 |a digitalizácia  |2 slo 
650 4 |a detekcia  |2 slo 
650 4 |a BOZP  |2 slo 
650 4 |a BIM manažment  |2 slo 
650 4 |a BIM koordinácia  |2 slo 
650 4 |a Common Data Environment  |2 slo 
650 4 |a IFC  |2 slo 
650 4 |a BCF  |2 slo 
650 4 |a CDE  |2 slo 
650 4 |a BIM  |2 eng 
650 4 |a Building Information Modeling  |2 eng 
650 4 |a health and safety  |2 eng 
650 4 |a automatization  |2 eng 
650 4 |a hazards  |2 eng 
650 4 |a risks  |2 eng 
650 4 |a digitization  |2 eng 
650 4 |a detection  |2 eng 
650 4 |a inspection  |2 eng 
650 4 |a BIM management  |2 eng 
650 4 |a BIM coordination  |2 eng 
650 4 |a CDE  |2 eng 
650 4 |a OHS  |2 eng 
650 4 |a IFC  |2 eng 
650 4 |a BCF  |2 eng 
700 1 |a Makýš, Peter  |u 010270  |k Z1  |4 ths  |U SvF Stavebná fakulta  |T SvF Katedra technológie stavieb  |X 2751  |U V270  |Y 28  |7 A000002751 
856 4 |u http://is.stuba.sk/zp/portal_zp.pl?podrobnosti=145695